| 000 | 00644nac a22002051u 4500 | ||
|---|---|---|---|
| 010 | _a 83003467 | ||
| 020 | _a0442244851 : | ||
| 020 | _a0442244843 (pbk.) : | ||
| 082 | 0 | 0 |
_a644 _bJON |
| 090 |
_c5581 _d5581 |
||
| 100 | _aJones, Peter, | ||
| 245 | 1 | 0 |
_aWeekend home energy-saving projects / _cPeter Jones. |
| 260 |
_aNew York : _bVan Nostrand Reinhold,c1984. _cc1984. |
||
| 300 |
_aviii, 120 p. : _bill. ; _c24 cm. |
||
| 500 | _aIncludes index. | ||
| 500 | _aDistributer : Al-Ahram. | ||
| 511 | _aCatalogued By : Mahitab. | ||
| 650 | 0 |
_aDwellings _xEnergy conservation. |
|
| 942 |
_cBB _k644JON |
||
| 999 |
_c5581 _d5581 |
||